书目信息 |
| 题名: |
怎样做好教导处工作
|
|
| 作者: | 王复国 编 | |
| 分册: | 第一分册 | |
| 出版信息: | 杭州 杭师院教育干部培训班 1980 |
|
| 页数: | 181页 | |
| 开本: | 19cm | |
| 丛书名: | ||
| 单 册: | ||
| 中图分类: | G473 | |
| 科图分类: | ||
| 主题词: | 教导主任--工作 | |
| 电子资源: | ||
| ISBN: | ||
| 000 | 00610nam0 2200217 45 | |
| 001 | 0189010607 | |
| 005 | 20060601102333.51 | |
| 010 | @dCNY0.61 | |
| 100 | @a19910105d1980 m y0chiy0120 ea | |
| 101 | 0 | @achi |
| 102 | @aCN@b150000 | |
| 105 | @ay z 000yy | |
| 200 | 10 | @a怎样做好教导处工作@AZen Yang Zuo Hao Jiao Dao Chu Gong Zuo@h第一分册@f王复国编@FWang Fu Guo Bian |
| 210 | @a杭州@c杭师院教育干部培训班@d1980 | |
| 215 | @a181页@d19cm | |
| 540 | 1 | @a教导工作@Ajiao dao gong zuo |
| 606 | @a教导主任@x工作 | |
| 690 | @aG473@v4 | |
| 701 | 0 | @a王复国@4编 |
| 801 | 0 | @aCN@bNLC@c20060601 |
| 905 | @dG473@e18:1 | |
| 怎样做好教导处工作.第一分册/王复国编.-杭州:杭师院教育干部培训班,1980 |
| 181页;19cm |
| ISBN :CNY0.61 |
| ● |
| 相关链接 |
|
|
|
|
正题名:怎样做好教导处工作
索取号:G473/18:1
 
预约/预借
| 序号 | 登录号 | 条形码 | 馆藏地/架位号 | 状态 | 备注 |
| 1 | 0420219 | 204202193 | 密集书库/ [索取号:G473/18:1] | 在馆 |